Το ελληνικό θέατρο

Saved in:
Bibliographic Details
Main Author: Θρύλος, Άλκης, 1896-1971
Corporate Author: Ακαδημία Αθηνών
Format: Book
Language:Greek
Published: Αθήναι : Ακαδημία Αθηνών, 1977-1981.
Subjects:
Tags: Add Tag
No Tags, Be the first to tag this record!

MARC

LEADER 00000cam a2200000 i 4500
001 1/22954
008 060126s19771981gr ||| | gre||
035 |l 10082289 
040 |a GR-MY-UA  |b gre  |e aacr 
041 0 |a gre 
082 0 |a 792.09495  |2 (22) 
100 1 |a Θρύλος, Άλκης,   |d 1896-1971. 
245 1 3 |a Το ελληνικό θέατρο /   |c Άλκη Θρύλου ; Ακαδημία Αθηνών. 
260 |a Αθήναι :   |b Ακαδημία Αθηνών,   |c 1977-1981. 
300 |a ιβ τ.;   |c 22 εκ. 
500 |a Στον 12ο τόμο αναφέρει: "Παράρτημα με κριτικές Γρηγορίου Ξενοπούλου και Πέτρου Χάρη (1929-1968)" 
504 |a Περιέχει ευρετήριο. 
505 0 |a τ.1. 1927-1933τ.2. 1934-1940τ.3. 1941-1944τ.4. 1945-1948τ.5. 1949-1951τ.6. 1952-1955τ.7. 1956-1958τ.8. 1959-1961τ.9. 1962-1963τ.10. 1964-1966τ.11. 1967-1969τ.12. 1970-1971 
650 0 0 |a Theater  |z Greece  |x History  |y 20th century. 
650 0 0 |a Greek drama  |x History and criticism. 
710 2 |a Ακαδημία Αθηνών. 
852 |a INST  |b LESVOS  |e 20060126  |h 792.09 ΘΡΥ  |p 005100034058  |q 005100034058  |t BK  |y 0  |z τ.1 
852 |a INST  |b LESVOS  |e 20060126  |h 792.09 ΘΡΥ  |p 005100034059  |q 005100034059  |t BK  |y 0  |z τ.2 
852 |a INST  |b LESVOS  |e 20060126  |h 792.09 ΘΡΥ  |p 005100034060  |q 005100034060  |t BK  |y 0  |z τ.3 
852 |a INST  |b LESVOS  |e 20060126  |h 792.09 ΘΡΥ  |p 005100034061  |q 005100034061  |t BK  |y 0  |z τ.4 
852 |a INST  |b LESVOS  |e 20060126  |h 792.09 ΘΡΥ  |p 005100034062  |q 005100034062  |t BK  |y 0  |z τ.5 
852 |a INST  |b LESVOS  |e 20060126  |h 792.09 ΘΡΥ  |p 005100034063  |q 005100034063  |t BK  |y 0  |z τ.6 
852 |a INST  |b LESVOS  |e 20060126  |h 792.09 ΘΡΥ  |p 005100034064  |q 005100034064  |t BK  |y 0  |z τ.7 
852 |a INST  |b LESVOS  |e 20060126  |h 792.09 ΘΡΥ  |p 005100034065  |q 005100034065  |t BK  |y 0  |z τ.8 
852 |a INST  |b LESVOS  |e 20060126  |h 792.09 ΘΡΥ  |p 005100034066  |q 005100034066  |t BK  |y 0  |z τ.9 
852 |a INST  |b LESVOS  |e 20060126  |h 792.09 ΘΡΥ  |p 005100034067  |q 005100034067  |t BK  |y 0  |z τ.10 
852 |a INST  |b LESVOS  |e 20060126  |h 792.09 ΘΡΥ  |p 005100034068  |q 005100034068  |t BK  |y 0  |z τ.11 
852 |a INST  |b LESVOS  |e 20060126  |h 792.09 ΘΡΥ  |p 005100034069  |q 005100034069  |t BK  |y 0  |z τ.12 
852 |a INST  |b LESVOS  |e 20060126  |h 792.09 ΘΡΥ  |p 005100034058  |q 005100034058  |t BK  |v τ.1:  |y 0  |z τ.1 
852 |a INST  |b LESVOS  |e 20060126  |h 792.09 ΘΡΥ  |p 005100034059  |q 005100034059  |t BK  |v τ.2:  |y 0  |z τ.2 
852 |a INST  |b LESVOS  |e 20060126  |h 792.09 ΘΡΥ  |p 005100034060  |q 005100034060  |t BK  |v τ.3:  |y 0  |z τ.3 
852 |a INST  |b LESVOS  |e 20060126  |h 792.09 ΘΡΥ  |p 005100034061  |q 005100034061  |t BK  |v τ.4:  |y 0  |z τ.4 
852 |a INST  |b LESVOS  |e 20060126  |h 792.09 ΘΡΥ  |p 005100034062  |q 005100034062  |t BK  |v τ.5:  |y 0  |z τ.5 
852 |a INST  |b LESVOS  |e 20060126  |h 792.09 ΘΡΥ  |p 005100034063  |q 005100034063  |t BK  |v τ.6:  |y 0  |z τ.6 
852 |a INST  |b LESVOS  |e 20060126  |h 792.09 ΘΡΥ  |p 005100034064  |q 005100034064  |t BK  |v τ.7:  |y 0  |z τ.7 
852 |a INST  |b LESVOS  |e 20060126  |h 792.09 ΘΡΥ  |p 005100034065  |q 005100034065  |t BK  |v τ.8:  |y 0  |z τ.8 
852 |a INST  |b LESVOS  |e 20060126  |h 792.09 ΘΡΥ  |p 005100034066  |q 005100034066  |t BK  |v τ.9:  |y 0  |z τ.9 
852 |a INST  |b LESVOS  |e 20060126  |h 792.09 ΘΡΥ  |p 005100034067  |q 005100034067  |t BK  |v τ.10:  |y 0  |z τ.10 
852 |a INST  |b LESVOS  |e 20060126  |h 792.09 ΘΡΥ  |p 005100034068  |q 005100034068  |t BK  |v τ.11:  |y 0  |z τ.11 
852 |a INST  |b LESVOS  |e 20060126  |h 792.09 ΘΡΥ  |p 005100034069  |q 005100034069  |t BK  |v τ.12:  |y 0  |z τ.12 
852 |a INST  |b SYROS  |e 20060504  |h 792.09495 ΘΡΥ  |p 005500004868  |q 005500004868  |t BK  |y 0  |z τ.9 
852 |a INST  |b SYROS  |e 20060504  |h 792.09495 ΘΡΥ  |p 005500004869  |q 005500004869  |t BK  |y 0  |z τ.10 
852 |a INST  |b SYROS  |e 20060504  |h 792.09495 ΘΡΥ  |p 005500004870  |q 005500004870  |t BK  |y 0  |z τ.11 
852 |a INST  |b SYROS  |e 20060504  |h 792.09495 ΘΡΥ  |p 005500004871  |q 005500004871  |t BK  |y 0  |z τ.12 
852 |a INST  |b SYROS  |e 20060504  |h 792.09495 ΘΡΥ  |p 005500004880  |q 005500004880  |t BK  |y 0  |z τ.1 
852 |a INST  |b SYROS  |e 20060504  |h 792.09495 ΘΡΥ  |p 005500004881  |q 005500004881  |t BK  |y 0  |z τ.8 
852 |a INST  |b SYROS  |e 20060504  |h 792.09495 ΘΡΥ  |p 005500004882  |q 005500004882  |t BK  |y 0  |z τ.7 
852 |a INST  |b SYROS  |e 20060504  |h 792.09495 ΘΡΥ  |p 005500004883  |q 005500004883  |t BK  |y 0  |z τ.6 
852 |a INST  |b SYROS  |e 20060504  |h 792.09495 ΘΡΥ  |p 005500004884  |q 005500004884  |t BK  |y 0  |z τ.5 
852 |a INST  |b SYROS  |e 20060504  |h 792.09495 ΘΡΥ  |p 005500004885  |q 005500004885  |t BK  |y 0  |z τ.4 
852 |a INST  |b SYROS  |e 20060504  |h 792.09495 ΘΡΥ  |p 005500004886  |q 005500004886  |t BK  |y 0  |z τ.3 
852 |a INST  |b SYROS  |e 20060504  |h 792.09495 ΘΡΥ  |p 005500004887  |q 005500004887  |t BK  |y 0  |z τ.2 
852 |a INST  |b SYROS  |e 20060504  |h 792.09495 ΘΡΥ  |p 005500004868  |q 005500004868  |t BK  |v τ.9:  |y 0  |z τ.9 
852 |a INST  |b SYROS  |e 20060504  |h 792.09495 ΘΡΥ  |p 005500004869  |q 005500004869  |t BK  |v τ.10:  |y 0  |z τ.10 
852 |a INST  |b SYROS  |e 20060504  |h 792.09495 ΘΡΥ  |p 005500004870  |q 005500004870  |t BK  |v τ.11:  |y 0  |z τ.11 
852 |a INST  |b SYROS  |e 20060504  |h 792.09495 ΘΡΥ  |p 005500004871  |q 005500004871  |t BK  |v τ.12:  |y 0  |z τ.12 
852 |a INST  |b SYROS  |e 20060504  |h 792.09495 ΘΡΥ  |p 005500004880  |q 005500004880  |t BK  |v τ.1:  |y 0  |z τ.1 
852 |a INST  |b SYROS  |e 20060504  |h 792.09495 ΘΡΥ  |p 005500004881  |q 005500004881  |t BK  |v τ.8:  |y 0  |z τ.8 
852 |a INST  |b SYROS  |e 20060504  |h 792.09495 ΘΡΥ  |p 005500004882  |q 005500004882  |t BK  |v τ.7:  |y 0  |z τ.7 
852 |a INST  |b SYROS  |e 20060504  |h 792.09495 ΘΡΥ  |p 005500004883  |q 005500004883  |t BK  |v τ.6:  |y 0  |z τ.6 
852 |a INST  |b SYROS  |e 20060504  |h 792.09495 ΘΡΥ  |p 005500004884  |q 005500004884  |t BK  |v τ.5:  |y 0  |z τ.5 
852 |a INST  |b SYROS  |e 20060504  |h 792.09495 ΘΡΥ  |p 005500004885  |q 005500004885  |t BK  |v τ.4:  |y 0  |z τ.4 
852 |a INST  |b SYROS  |e 20060504  |h 792.09495 ΘΡΥ  |p 005500004886  |q 005500004886  |t BK  |v τ.3:  |y 0  |z τ.3 
852 |a INST  |b SYROS  |e 20060504  |h 792.09495 ΘΡΥ  |p 005500004887  |q 005500004887  |t BK  |v τ.2:  |y 0  |z τ.2 
853 |a INST  |b LESVOS  |h 792.09 ΘΡΥ 
853 |a INST  |b SYROS  |h 792.09495 ΘΡΥ 
901 |a BIBL5-2006-2 
901 |a BIBL1-2006-1 
909 |a Ε  |b 117462 
909 |a Ε  |b 117461 
909 |a Ε  |b 117460 
909 |a Ε  |b 117459 
909 |a Ε  |b 117458 
909 |a Ε  |b 117457 
909 |a Ε  |b 117456 
909 |a Ε  |b 117455 
909 |a Ε  |b 117454 
909 |a Ε  |b 117453 
909 |a Ε  |b 117452 
909 |a Ε  |b 117451 
909 |a Λ  |b 125581 
909 |a Λ  |b 125582 
909 |a Λ  |b 125583 
909 |a Λ  |b 125584 
909 |a Λ  |b 125585 
909 |a Λ  |b 125586 
909 |a Λ  |b 125587 
909 |a Λ  |b 125588 
909 |a Λ  |b 125589 
909 |a Λ  |b 125590 
909 |a Λ  |b 125591 
909 |a Λ  |b 125592 
970 |a ΚΑΡΑ  |b ΓΙΑΣΕΜΗ  |z 2006/01/26